Дело по указу Правительствующего Сената следует ли допускать к вторичному приему в залог по подрядам свидетельства на имение час...

Доступно только в Электронных читальных залах Найти на картеНа карте
RUSMARC
00003674nmc2a2200000 x 450
0014afe003a-f01b-4c35-8f13-4efd3b54fe58
00520151216155340.0
100##$a20150902l18431844k l0rusy0189 ca
1010#$arus
102##$aRU
2001#$aДело по указу Правительствующего Сената следует ли допускать к вторичному приему в залог по подрядам свидетельства на имение частных лиц, освобождающихся из под запрещения по окончании первых операций
$j27 декабря 1843 г. - 7 января 1844 г.
251##$cДело
300##$aДело
801#0$aRU
$bРГИА
$c20150902
$gRCR
801#1$aRU
$bГлавНИВЦ
$c20150902
$2rusmarc
801#2$aRU
$bПБ им. Б.Н. Ельцина
$c20151216
$gRCR
$2rusmarc
850##$aРГИА
852##$aРГИА
$eФедеральное казенное учреждение "Российский государственный исторический архив" (РГИА)
$j81
937##$hРГИА
$d12092443
$aASBIBLIO_SCAN
462#0$10016e7ba0f3-98a0-45d9-8501-58dfee489242
$12001
$aДела Хозяйственного отделения Департамента народного просвещения за 1835-1849 гг.
$1251
$cОпись
$1852
$j105
461#0$1001a74412a3-3cc5-4d21-8f0a-dfe2fbd9e72d
$12001
$aДепартамент народного просвещения Министерства народного просвещения
$1251
$cФонд
$1852
$j733
215##$a15 л.
$d36,5х26 см
371##$aДокумент не является опубликованным и широко распространяемым
105##$ay###
1222#$ad
035##$a4afe003a-f01b-4c35-8f13-4efd3b54fe58
Формат отображения